BMI quarterly cost briefing (Record no. 103628)

MARC details
000 -LEADER
fixed length control field 00970cam a2200241 4500
001 - CONTROL NUMBER
control field E11435
008 - FIXED-LENGTH DATA ELEMENTS--GENERAL INFORMATION
fixed length control field 000000n2004 000 0 eng u
022 ## - INTERNATIONAL STANDARD SERIAL NUMBER
International Standard Serial Number 0952-4053
035 ## - SYSTEM CONTROL NUMBER
System control number (Sirsi) u126552
041 ## - LANGUAGE CODE
Language code of text/sound track or separate title eng.
050 ## - LIBRARY OF CONGRESS CALL NUMBER
Classification number 690.24
-- 18
110 ## - MAIN ENTRY--CORPORATE NAME
Corporate name or jurisdiction name as entry element Building Maintenance Information
9 (RLIN) 3229
245 ## - TITLE STATEMENT
Title BMI quarterly cost briefing
Remainder of title building maintenance costs - issues 84, 85, 86, 87 (March, June, September, December 2004)
260 ## - PUBLICATION, DISTRIBUTION, ETC.
Place of publication, distribution, etc. London
Name of publisher, distributor, etc. RICS
Date of publication, distribution, etc. 2004
300 ## - PHYSICAL DESCRIPTION
Extent 32p.
Other physical details 30cm.
490 ## - SERIES STATEMENT
Series statement BMI Quarterly Cost Briefing
Volume/sequential designation 330
490 ## - SERIES STATEMENT
Series statement BMI Quarterly Cost Briefing
Volume/sequential designation 333
490 ## - SERIES STATEMENT
Series statement BMI Quarterly Cost Briefing
Volume/sequential designation 334
490 ## - SERIES STATEMENT
Series statement BMI Quarterly Cost Brieing
Volume/sequential designation 336
520 ## - SUMMARY, ETC.
Summary, etc. This item is part of a subscription service and cannot be photocopied. Neither can any part of it be read over the phone. Please contact BMI direct on t +44 (0)20 7695 1500 for details.
690 ## - LOCAL SUBJECT ADDED ENTRY--TOPICAL TERM (OCLC, RLIN)
Topical term or geographic name as entry element BUILDING AND CONSTRUCTION-REPAIRS AND MAINTENANCE
942 ## - ADDED ENTRY ELEMENTS (KOHA)
Suppress in OPAC 0
Holdings
Withdrawn status Lost status Source of classification or shelving scheme Damaged status Not for loan Home library Current library Shelving location Date acquired Total Checkouts Full call number Barcode Date last seen Copy number Price effective from Koha item type
    Dewey Decimal Classification     London London BCIS/BMI publications 13/08/2004   ENQUIRY DESK 30069443 06/08/2019 1 06/08/2019 Reference material
    Dewey Decimal Classification     London London BCIS/BMI publications 13/08/2004   ENQUIRY DESK 30069447 06/08/2019 2 06/08/2019 Reference material
    Dewey Decimal Classification     London London BCIS/BMI publications 03/12/2004   ENQUIRY DESK 30069637 06/08/2019 3 06/08/2019 Reference material
    Dewey Decimal Classification     London London BCIS/BMI publications 24/12/2004   ENQUIRY DESK 30067608 06/08/2019 4 06/08/2019 Reference material